Pokémon fusionnés à la main n°4 (Quiz Photos) - Statistiques

Statistiques générales
  • Ce quiz a été pris 39 fois
  • Le résultat moyen est 8 sur 10
Statistiques - réponses
Par images Réponse % Correct
Carchacrok & Dracaufeu
95%
Herbizarre & Skitty
95%
Jirachi & Togepi
95%
Moustillon & Tiplouf
84%
Balignon & Marill
79%
Farfaduvet & Momartik
79%
Cornèbre & Kecleon
76%
Croâporal & Fulgudog
76%
Muplodocus & Picassaut
74%
Aspicot & Spoink
71%
Aucun quiz correspondant
Distribution des résultats
% des personnes avec chaque résultat
Percentile par nombre de réponses
Votre historique - résultats
Vous n’avez pas pris ce quiz